[Event "FRA-ch"]
[Site "Chambery"]
[Date "1994.??.??"]
[Round "?"]
[White "Santo Roman, Marc"]
[Black "Bauer, Christian"]
[Result "1-0"]
[WhiteElo "2420"]
[BlackElo "2420"]

1.e4 e6 2.d4 d5 3.Nc3 Bb4 4.e5 Ne7 5.a3 Bxc3+ 6.bxc3 b6 7.Qg4 Kf8 8.Nh3 Ba6
9.Bxa6 Nxa6 10.Nf4 Ng6 11.Nh5 Qh4 12.Qe2 Nb8 13.O-O Nc6 14.f4 Kg8 15.Be3 Nce7
16.g4 Qh3 17.Kh1 Nh4 18.Rf2 g6 19.Nf6+ Kg7 20.Rg1 h5 21.Rg3 hxg4 22.Nxg4 Nhf5
23.Rxh3 Rxh3 24.Rf3 Rh4 25.Qg2 Rah8 26.Bf2 R4h7 27.Qf1 Nc6 28.Qa6 Na5 29.Qxa7 Nc4
30.Be1 c6 31.a4 Rc8 32.Kg2 Rhh8 33.Rh3 Ra8 34.Rh7+ Kxh7 35.Qxf7+ Ng7 36.Nf6+ Kh6
37.Bh4 Ne3+ 38.Kf3  1-0

[Event "FRA-ch"]
[Site "Chambery"]
[Date "1994.??.??"]
[Round "?"]
[White "Seret, Jean Luc"]
[Black "Roos, Louis"]
[Result "1-0"]
[WhiteElo "2425"]
[BlackElo "2440"]

1.e4 e6 2.d4 d5 3.Nc3 Bb4 4.e5 b6 5.Nh3 Qd7 6.Qg4 Bf8 7.Bb5 c6 8.Be2 Ba6
9.O-O Ne7 10.Rd1 Nf5 11.Nf4 g6 12.Rb1 Bg7 13.b4 Bxe2 14.Ncxe2 b5 15.Ng3 Qe7
16.Nxf5 exf5 17.Qg3 Nd7 18.a4 Nb6 19.Nh5 Bxe5 20.dxe5 gxh5 21.axb5 cxb5 22.Be3 O-O-O
23.Bg5 Qe6 24.Bxd8 Rxd8 25.Ra1 Kb7 26.Qa3 Na4 27.c4 a6 28.cxd5 Qxe5 29.Qf3 Nc3
30.d6+ Kb6 31.Re1 Qd4 32.Rac1 Ne4 33.Qxf5  1-0

[Event "FRA-ch"]
[Site "Chambery"]
[Date "1994.??.??"]
[Round "?"]
[White "Santo Roman, Marc"]
[Black "Seret, Jean Luc"]
[Result "1-0"]
[WhiteElo "2420"]
[BlackElo "2425"]

1.e4 e6 2.d4 d5 3.Nc3 Bb4 4.e5 b6 5.a3 Bxc3+ 6.bxc3 Qd7 7.h4 Ba6 8.Bxa6 Nxa6
9.h5 c5 10.a4 h6 11.Qd3 Nc7 12.Qg3 Rh7 13.Ne2 Ne7 14.O-O c4 15.Qh3 O-O-O
16.Ba3 Kb7 17.Nf4 Rg8 18.Ne2 g6 19.Kh1 Rhg7 20.Rg1 Ne8 21.Bc1 f5 22.hxg6 h5
23.Bg5 Nxg6 24.f4 h4 25.Rgf1 Rh7 26.Ng1 Ng7 27.Ne2 Nh8 28.Kg1 Qe8 29.Kf2 Nf7
30.Bxh4 Nh6 31.Ke1 Ng4 32.Kd2 Qg6 33.g3 Ne8 34.Ng1 Nc7 35.Nf3 Rh5 36.Qg2 Nh6
37.Rh1 Nf7 38.Ke3 Rgh8 39.Bg5 Na6 40.Bh4 Nb8 41.Bg5 Nc6 42.Rag1 Ka6 43.Rxh5 Rxh5
44.Rh1 Ka5 45.Ra1 Qh7 46.Bh4 Qg6 47.Qg1 Ka6 48.Kf2 Qg4 49.Nh2 Qh3 50.Nf3 Nh6
51.Ng5 Ng4+ 52.Ke2 Rxg5 53.Bxg5 Nh2 54.Ke3 Kb7 55.Bh4 Kc8 56.Qh1 Nd8 57.Kf2 Ng4+
58.Ke2 Nh2 59.Kf2 Ng4+ 60.Kg1 Qxh1+ 61.Kxh1 Nc6 62.Kg2 a6 63.Rb1 b5 64.axb5 axb5
65.Rxb5 Ne3+ 66.Kf3 Nd1 67.g4 Nxc3 68.Rc5 fxg4+ 69.Kxg4 Kd7 70.Bf2 Ne7 71.Be1 Nd1
72.Kg5 Ne3 73.c3 N7f5 74.Ra5 Ng2 75.Bf2 Ke7 76.Rxd5 exd5 77.Kxf5 Kf7 78.Kg4  1-0

[Event "FRA-ch"]
[Site "Chambery"]
[Date "1994.??.??"]
[Round "?"]
[White "Apicella, Manuel"]
[Black "Roos, Louis"]
[Result "1-0"]
[WhiteElo "2465"]
[BlackElo "2440"]

1.e4 e6 2.d4 d5 3.Nc3 Bb4 4.e5 b6 5.Bd2 Qd7 6.Bb5 c6 7.Ba4 Ne7 8.Nce2 Bxd2+
9.Qxd2 O-O 10.c3 f6 11.f4 Ba6 12.Nf3 Bxe2 13.Qxe2 f5 14.O-O a5 15.a3 h6 16.Kh1 Qe8
17.Nd2 Ra7 18.c4 Qd8 19.cxd5 cxd5 20.Rac1 Rc7 21.Qb5 Nc8 22.Rc3 Rxc3 23.bxc3 Rf7
24.c4 Na7 25.Qb2 Nbc6 26.cxd5 Qxd5 27.Bb3 Qxd4 28.Qa2 Nd8 29.Nf3 Qxf4 30.Bxe6 Nxe6
31.Qxe6 b5 32.Rd1 Qc4 33.Rd8+ Kh7 34.Qe8 Rc7 35.Ng5+  1-0

[Event "Copenhagen op16"]
[Site "Copenhagen"]
[Date "1994.??.??"]
[Round "9"]
[White "Schreiber, Edwin"]
[Black "Hyldkrog, Lars"]
[Result "0-1"]
[WhiteElo "2025"]
[BlackElo "2090"]

1.e4 e6 2.d4 d5 3.Nc3 Bb4 4.e5 Ne7 5.a3 Bxc3+ 6.bxc3 c5 7.Bd3 Nbc6 8.Qg4 O-O
9.f4 f5 10.exf6 Rxf6 11.Qh4 Nf5 12.Bxf5 exf5 13.Ne2 cxd4 14.O-O dxc3 15.Nxc3 d4
16.Rd1 Be6 17.Ne2 Bc4 18.Qf2 Rd6 19.Bb2 d3 20.cxd3 Rxd3 21.Nc3 Bb3 22.Rxd3 Qxd3
23.Re1 Rd8 24.Qe3 Qxe3+ 25.Rxe3 Rd2 26.Re2 Rxe2 27.Nxe2 Kf7 28.Nd4 Nxd4 29.Bxd4 a6
30.Bb6 Ke6 31.Kf2 Kd5 32.Ke3 Kc4 33.h4 g6 34.g3 Kb5 35.Bd8 Kc5 36.Be7+ Kc4
37.Bd8 b5 38.Ba5 Bc2 39.Bb4 Be4 40.Kd2 Kb3 41.Ke3 a5 42.Bxa5 Kxa3 43.Kd2 b4
44.Kc1 Kb3 45.Bc7 Kc3 46.Ba5 Bd3 47.Bd8 Bc4 48.Ba5 Bd5 49.Bc7 Kd3 50.Ba5 b3
51.Kb2 Ke3 52.Bd8 Kf3 53.Bg5 Kxg3 54.Kc3 Kg4 55.Kd3 Be6 56.Kd2 Bc4 57.Kc3 Kh5
58.Kd2 h6 59.Bf6 Kg4 60.Kc3 Bf7 61.Bg7 Kxh4 62.Kd2 h5 63.Ke2 Kg3 64.Be5 Bc4+  0-1

[Event "Eger op"]
[Site "Eger"]
[Date "1994.??.??"]
[Round "7"]
[White "Turzo, Attila"]
[Black "Iruzubieta, Jesus Maria"]
[Result "1-0"]
[WhiteElo "2245"]
[BlackElo "2340"]

1.e4 e6 2.d4 d5 3.Nc3 Bb4 4.e5 Ne7 5.Bd2 b6 6.Bb5+ c6 7.Ba4 a5 8.a3 Bxc3
9.Bxc3 Ba6 10.Bd2 O-O 11.Ne2 Bb5 12.c3 Bxa4 13.Qxa4 c5 14.Bg5 h6 15.Bxe7 Qxe7
16.O-O Nd7 17.f4 c4 18.f5 b5 19.Qc2 exf5 20.Nf4 Nb6 21.Qxf5 b4 22.Rf3 Kh8
23.Raf1 bxa3 24.bxa3 Qxa3 25.Nh5 Qe7 26.Nf6 g6 27.Qg5  1-0

[Event "RUS-ch"]
[Site "Elista"]
[Date "1994.??.??"]
[Round "5"]
[White "Orlov, Vassily"]
[Black "Karpeshov, Oleg"]
[Result "1-0"]
[WhiteElo "2350"]
[BlackElo "2440"]

1.e4 e6 2.d4 d5 3.Nc3 Bb4 4.e5 Ne7 5.a3 Bxc3+ 6.bxc3 c5 7.Qg4 Kf8 8.Bd2 Qb6
9.dxc5 Qb2 10.Qd1 Nd7 11.Nf3 Nxc5 12.c4 Qb6 13.Be2 Bd7 14.O-O Rc8 15.cxd5 Nxd5
16.c4 Ba4 17.Qe1 Ne7 18.Be3 Be8 19.Rb1 Qa6 20.Nd4 b6 21.Nb5 Bxb5 22.cxb5 Qxa3
23.Qd2 Nd5 24.Ra1 Qc3 25.Rxa7 Qxd2 26.Bxd2 Ne4 27.Rc1 Rd8 28.Be3 Nec3 29.Bh5 g6
30.Bh6+ Ke8 31.Bf3 Nxb5 32.Rb7 Ra8 33.g4 g5 34.Rc6 Nd4 35.Bxd5 exd5 36.Rcc7  1-0

[Event "Eupen op act"]
[Site "Eupen"]
[Date "1994.??.??"]
[Round "3"]
[White "Kovalev, Andrei"]
[Black "Beckhuis, Gernod"]
[Result "1-0"]
[WhiteElo "2530"]
[BlackElo "2195"]

1.e4 e6 2.d4 d5 3.Nc3 Bb4 4.e5 Ne7 5.a3 Bxc3+ 6.bxc3 c5 7.Nf3 b6 8.a4 Ba6
9.Bb5+ Bxb5 10.axb5 Qd7 11.Rb1 O-O 12.O-O a6 13.dxc5 bxc5 14.b6 Qc6 15.Bg5 Ng6
16.h4 Nd7 17.Re1 f6 18.exf6 gxf6 19.Bh6 Rf7 20.h5 Nge5 21.Nxe5 fxe5 22.b7 Rb8
23.Qg4+ Kh8 24.Re3 Rg8 25.Qxg8+  1-0

[Event "FIN-chT"]
[Site "?"]
[Date "1994.??.??"]
[Round "?"]
[White "Pulkkinen, Kari"]
[Black "Karner, Hillar"]
[Result "1/2-1/2"]
[WhiteElo "2360"]
[BlackElo "2315"]

1.e4 e6 2.d4 d5 3.Nc3 Bb4 4.e5 b6 5.a3 Bf8 6.Nf3 Ba6 7.Bxa6 Nxa6 8.Qe2 Nb8
9.Bg5 Qd7 10.O-O Nc6 11.Nd1 h6 12.Bd2 Nge7 13.Ne3 Ng6 14.g3 Be7 15.c4 Nd8
16.Rfc1 O-O 17.Qd3 Re8 18.Rc2 c6 19.Rac1 Bf8 20.cxd5 exd5 21.b4 Ne7 22.b5 a6
23.a4 cxb5 24.Rc7 Qh3 25.axb5 a5 26.Rxe7 Bxe7 27.Nxd5 Ne6 28.Nxb6 Rad8 29.Qe4 Bg5
30.Bxg5 Nxg5 31.Nxg5 hxg5 32.d5 f5 33.Qe3 f4 34.gxf4 Qf5 35.Re1 gxf4 36.Qe4 Qg5+  1/2-1/2

[Event "Finkenstein op"]
[Site "Finkenstein"]
[Date "1994.??.??"]
[Round "?"]
[White "Mencinger, Vojko"]
[Black "Praznik, Anton"]
[Result "1-0"]
[WhiteElo "2365"]
[BlackElo "2280"]

1.e4 e6 2.d4 d5 3.Nc3 Bb4 4.e5 Qd7 5.Bd2 b6 6.Qg4 Bf8 7.Bb5 c6 8.Ba4 f5 9.Qh5+ Qf7
10.Qf3 h6 11.h4 g6 12.Nh3 Ne7 13.Ne2 Bd7 14.Nhf4 Bg7 15.c3 Na6 16.Bc2 Nc7
17.g4 O-O-O 18.O-O-O Kb8 19.Rdg1 Rhg8 20.Rg2 Rc8 21.Rhg1 Bf8 22.Nd3 Be8 23.gxf5 Nxf5
24.Qh3 c5 25.Ndf4 cxd4 26.Nxd4 Nxd4 27.cxd4 Nb5 28.Qd3 g5 29.Ne2 Be7 30.a4 Nc7
31.hxg5 hxg5 32.f4 Qh5 33.fxg5 Bg6 34.Nf4 Bxd3 35.Nxh5 Na6 36.Bc3 Bc4 37.g6 Nb4
38.Bxb4 Bxb4 39.Kb1 Be7 40.g7 b5 41.b3  1-0

[Event "FRA-chT "]
[Site "FRA"]
[Date "1994.??.??"]
[Round "1"]
[White "Demarcke, D."]
[Black "Komarov, Dimitri"]
[Result "1/2-1/2"]
[WhiteElo "2325"]
[BlackElo "2525"]

1.e4 e6 2.d4 d5 3.Nc3 Bb4 4.e5 Ne7 5.a3 Bxc3+ 6.bxc3 c5 7.Nf3 b6 8.Bb5+ Bd7
9.Bd3 c4 10.Be2 Ba4 11.O-O Nbc6 12.Ng5 h6 13.Nh3 Ng6 14.Bh5 Nce7 15.f4 O-O
16.g4 f5 17.gxf5 Rxf5 18.Bg4 Nf8 19.Bxf5 Nxf5 20.Nf2 Qh4 21.Ra2 Kh7 22.Qf3 Ng6
23.Nh1 Rf8 24.Ng3 Qh3 25.Qg2 Qh4 26.Qf3 Rf7 27.Bd2 Qe7 28.Nh5 Rf8  1/2-1/2

[Event "FRA-chT "]
[Site "FRA"]
[Date "1994.??.??"]
[Round "6"]
[White "Guedon, Stephanne"]
[Black "Bouhallel, Rabah"]
[Result "1-0"]
[WhiteElo "2215"]
[BlackElo "2235"]

1.e4 e6 2.d4 d5 3.Nc3 Bb4 4.e5 b6 5.Nf3 Qd7 6.Bd2 Ba6 7.Bxa6 Nxa6 8.Ne2 Bf8
9.O-O Ne7 10.Nf4 c5 11.Qe2 Nc7 12.dxc5 bxc5 13.c4 d4 14.b4 Ng6 15.Nh5 Qc6
16.b5 Qb7 17.a4 O-O-O 18.a5 Be7 19.Rfb1 Rhg8 20.a6 Qa8 21.b6 axb6 22.Rxb6 Nf8
23.a7 Kd7 24.Bg5 h6 25.Bxe7 Kxe7 26.Nd2 Nd7 27.Rb3 f5 28.Nf4 g5 29.Nd3 g4
30.Nf1 h5 31.Qd2 Kf7 32.Qa5 Qc6 33.Qa4 Qa8 34.Rab1  1-0

[Event "Arnold Cup"]
[Site "Gausdal"]
[Date "1994.??.??"]
[Round "4"]
[White "Rantanen, Yrjo A"]
[Black "Kindermann, Stefan"]
[Result "0-1"]
[WhiteElo "2355"]
[BlackElo "2535"]

1.e4 e6 2.d4 d5 3.Nc3 Bb4 4.e5 Ne7 5.a3 Bxc3+ 6.bxc3 c5 7.h4 Qc7 8.Rh3 Nbc6
9.h5 cxd4 10.cxd4 h6 11.c3 Bd7 12.a4 f6 13.exf6 gxf6 14.Rf3 e5 15.Rxf6 exd4
16.Nf3 dxc3 17.a5 Bf5 18.Qa4 d4 19.Bc4 O-O-O 20.Rxf5 Nxf5 21.Be6+ Kb8 22.Bxf5 Rhf8
23.Bd3 Ne5 24.Nxe5 Qxe5+ 25.Kf1 Rde8 26.Kg1 Qe1+ 27.Kh2 Qxf2 28.Bxh6 Rg8
29.Bg5 Re3  0-1

[Event "Geneve op"]
[Site "Geneve"]
[Date "1994.??.??"]
[Round "7"]
[White "Gallagher, Joseph G"]
[Black "Peric, Slavisa"]
[Result "1-0"]
[WhiteElo "2485"]
[BlackElo "2335"]

1.e4 e6 2.d4 d5 3.Nc3 Bb4 4.e5 Qd7 5.a3 Bf8 6.Nf3 b6 7.Bb5 c6 8.Ba4 Ba6 9.Ne2 Bb5
10.Bb3 a5 11.c3 a4 12.Bc2 c5 13.O-O Nc6 14.Re1 Bxe2 15.Qxe2 cxd4 16.cxd4 Nge7
17.Bd3 Na7 18.Bd2 b5 19.Rac1 Qb7 20.Bb4 Nec6 21.Bxf8 Kxf8 22.Rc5 Ke7 23.Rec1 Rhc8
24.Qd2 h6 25.g4 Qb6 26.Qf4 Na5 27.g5 Nc4 28.gxh6 gxh6 29.Qf6+ Ke8 30.Rxc8+ Rxc8
31.Qh8+ Ke7 32.Qxh6 Nxb2 33.Qf6+ Ke8 34.Rxc8+ Nxc8 35.Ng5 Ne7 36.Qxf7+ Kd7
37.Bg6 Qxd4 38.Qe8+  1-0

[Event "Geneve op"]
[Site "Geneve"]
[Date "1994.??.??"]
[Round "9"]
[White "Di Fonzo, Valerio"]
[Black "Donrault, Patrick"]
[Result "0-1"]
[WhiteElo "2245"]
[BlackElo "2050"]

1.e4 e6 2.d4 d5 3.Nc3 Bb4 4.e5 Qd7 5.Bd2 b6 6.Bb5 Nc6 7.Qg4 Bf8 8.Nce2 Bb7
9.Nf3 O-O-O 10.O-O h5 11.Qf4 f6 12.h4 Qf7 13.Rfe1 Nh6 14.Bxc6 Bxc6 15.Ng3 Be7
16.a3 Rdg8 17.Bb4 Bd8 18.Qd2 Ng4 19.exf6 gxf6 20.Qe2 Re8 21.Bc3 Qg6 22.Qd3 Qg7
23.Re2 Reg8 24.Be1 e5 25.Qa6+ Kb8 26.a4 e4 27.Nd2 f5 28.Nxf5 Qd7 29.Ng3 Bxh4
30.Ndf1 Bf6 31.Ne3 Nxe3 32.fxe3 h4 33.Nf1 Rg6 34.Rf2 Rhg8 35.Qe2 Qg7 36.g3 hxg3
37.Rf4 g2 38.Nh2 Be7 39.Qf2 Bd6 40.Rh4 Bxh2+ 41.Rxh2 Rf8  0-1

[Event "Bundesliga 9394"]
[Site "Germany"]
[Date "1994.??.??"]
[Round "?"]
[White "Rahls, Peter"]
[Black "Kindermann, Stefan"]
[Result "0-1"]
[WhiteElo "2315"]
[BlackElo "2520"]

1.e4 e6 2.d4 d5 3.Nc3 Bb4 4.e5 Ne7 5.a3 Bxc3+ 6.bxc3 c5 7.h4 Qc7 8.Nf3 b6
9.Bb5+ Bd7 10.Bd3 Nbc6 11.h5 h6 12.O-O O-O 13.g4 c4 14.Be2 f6 15.Bf4 fxe5
16.Bg3 Qd8 17.dxe5 Na5 18.Qd2 Nb7 19.Nd4 Nc5 20.f3 Nc6 21.Rf2 Qe7 22.Qe3 Na4
23.f4 Qc5 24.Rd1 Qxa3 25.Nb5 Qb2 26.f5 Qxb5 27.f6 Qc5 28.Qd2 Rf7 29.Rf1 d4
30.g5 dxc3 31.Qf4 hxg5 32.Qxg5 Rxf6 33.Kg2 Rxf2+ 34.Rxf2 Rf8 35.Rxf8+ Qxf8
36.h6 Nc5 37.Bxc4 Nd4 38.hxg7 Bc6+ 39.Kh3 Qf5+ 40.Qxf5 Nxf5 41.Bf2 Kxg7  0-1

[Event "Oberliga Wuert9394"]
[Site "Germany"]
[Date "1994.??.??"]
[Round "?"]
[White "Ott, Frank"]
[Black "Jurek, Josef"]
[Result "1-0"]
[WhiteElo "2265"]
[BlackElo "2280"]

1.e4 e6 2.d4 d5 3.Nc3 Bb4 4.e5 Ne7 5.a3 Bxc3+ 6.bxc3 c5 7.Qg4 O-O 8.Bd3 f5
9.Qh4 Nbc6 10.Nf3 Qa5 11.Bd2 Qa4 12.Ra2 Bd7 13.O-O Ng6 14.Qh5 Be8 15.Ng5 h6
16.Nxe6 c4 17.Bxf5 Nge7 18.Nc5 Qb5 19.Be6+ Kh7 20.Qe2 Nd8 21.Bxd5 Nxd5 22.Qe4+ Kh8
23.Qxd5 Bc6 24.a4 Qa5 25.Qxc4 Nf7 26.Raa1 Rad8 27.Ne6 Bd5 28.Qc5  1-0

[Event "Bundesliga 9394"]
[Site "Germany"]
[Date "1994.??.??"]
[Round "?"]
[White "Chandler, Murray G"]
[Black "Casper, Thomas"]
[Result "1/2-1/2"]
[WhiteElo "2565"]
[BlackElo "2440"]

1.e4 e6 2.d4 d5 3.Nc3 Bb4 4.e5 Ne7 5.a3 Bxc3+ 6.bxc3 c5 7.a4 Qc7 8.Nf3 h6
9.Bd3 b6 10.O-O Ba6 11.a5 Bxd3 12.cxd3 Qc6 13.Nh4 O-O 14.Qg4 Kh7 15.f4 f5
16.exf6 Rxf6 17.axb6 axb6 18.Rxa8 Qxa8 19.dxc5 bxc5 20.Qe2 Nd7 21.Nf3 Qa6
22.c4 d4 23.Bd2 Ng6 24.Qe4 Rf7 25.Re1 Nf8 26.Ne5 Re7 27.Rb1 Qa2 28.Rb8 Qxd2
29.Rxf8 Qe3+ 30.Qxe3 dxe3 31.Nxg6 Kxg6 32.Kf1 Ra7 33.Ke2 Ra2+ 34.Kxe3 Rxg2
35.Rc8 Rxh2  1/2-1/2

[Event "BL2-S9394"]
[Site "Germany"]
[Date "1994.??.??"]
[Round "?"]
[White "Ankerst, Mihael"]
[Black "Beikert, Guenther"]
[Result "1/2-1/2"]
[WhiteElo "2285"]
[BlackElo "2415"]

1.e4 e6 2.d4 d5 3.Nc3 Bb4 4.e5 b6 5.a3 Bf8 6.Bb5+ Bd7 7.Bd3 c5 8.Nf3 Nc6
9.O-O Nge7 10.Nb5 Ng6 11.c4 Nxd4 12.Nfxd4 cxd4 13.cxd5 exd5 14.Re1 Be7 15.Nd6+ Kf8
16.Bxg6 hxg6 17.Qxd4 Bxd6 18.exd6 Qh4 19.Bf4 Rc8 20.Qd2 Be6 21.Rac1 Rxc1
22.Rxc1 Kg8 23.Rc7 g5 24.Bg3 Qe4 25.f3 Qb1+ 26.Kf2 Qf5 27.Qc2 Qxc2+ 28.Rxc2 Kh7
29.Rc7 Ra8 30.Ke3 Kg8 31.f4 g4 32.Kd4 Rc8 33.Rxa7 Kf8 34.Bh4 f6 35.Re7 Bf5
36.Rb7 Rc4+ 37.Kxd5 Rc5+ 38.Kd4 Rc6 39.Kd5 Rc5+ 40.Kd4 Rc6 41.Bf2 Rxd6+ 42.Kc4 Rd2
43.Bxb6 Rxg2 44.a4 Rxh2 45.a5 Rc2+ 46.Kb3 Rc1 47.Rc7 Rxc7 48.Bxc7 Ke7 49.Kc4 Kd7
50.Bb6 Kc6 51.Bf2 g5 52.fxg5 fxg5 53.Be3  1/2-1/2

[Event "BL2-S9394"]
[Site "Germany"]
[Date "1994.??.??"]
[Round "?"]
[White "Arnold, Lothar"]
[Black "Seret, Jean Luc"]
[Result "0-1"]
[WhiteElo "2340"]
[BlackElo "2445"]

1.e4 e6 2.d4 d5 3.Nc3 Bb4 4.e5 b6 5.Qg4 Bf8 6.Bb5+ c6 7.Ba4 Ne7 8.Nh3 Bd7
9.Bg5 h6 10.Be3 Nf5 11.O-O h5 12.Qd1 c5 13.Bg5 Be7 14.Bxe7 Qxe7 15.dxc5 Qxc5
16.Bxd7+ Nxd7 17.Re1 Rc8 18.Nf4 Qd4 19.Nd3 a6 20.Ne2 Qc4 21.c3 Nc5 22.Nxc5 bxc5
23.b3 Qg4 24.Qd2 Nh4 25.Ng3 Ng6 26.Rad1 Nf4 27.f3 Qg5 28.Ne4 Qxe5 29.Nxc5 Qg5
30.Ne4 Qxg2+ 31.Qxg2 Nxg2 32.Nd6+ Kd7 33.Kxg2 Kxd6 34.c4 Rc5 35.Rd2 Kc6 36.cxd5+ Rxd5
37.Rc1+ Kd6 38.Rdc2 Ke5 39.Kf2 Rhd8 40.Ke2 g5 41.b4 Rd4 42.Rb2 Rh4 43.Kf1 Rd3
44.Rc5+ Kf6 45.Kg2 Ra3 46.Rc6 Rf4 47.Rd6 h4 48.Rb6 Raxf3  0-1

[Event "Graz-ch"]
[Site "Graz"]
[Date "1994.??.??"]
[Round "7"]
[White "Wenger, K."]
[Black "Flecker, Wolfgang"]
[Result "1-0"]
[WhiteElo "2060"]
[BlackElo "2170"]

1.e4 e6 2.d4 d5 3.Nc3 Bb4 4.e5 Ne7 5.Qg4 Nf5 6.a3 Bxc3+ 7.bxc3 c5 8.Bd3 h5
9.Qf4 cxd4 10.Bxf5 exf5 11.cxd4 Nc6 12.Nf3 Be6 13.Bd2 Qc7 14.O-O O-O-O 15.Rfb1 Kb8
16.Ra2 Ka8 17.a4 h4 18.h3 Rdg8 19.Ng5 Rh5 20.Qf3 g6 21.Qd3 f4 22.Nxe6 fxe6
23.c4 f3 24.cxd5 exd5 25.Qxf3 Nxd4 26.Qxd5 Rd8 27.Rxb7 Rxd5 28.Rxc7 Rhxe5
29.Be3 a5 30.Rb2 Re6 31.Rc8+ Ka7 32.Rc4 Rxe3 33.fxe3 Nf5 34.e4 Rd1+ 35.Kf2 Ng3
36.Ke3  1-0

[Event "Groningen op"]
[Site "Groningen"]
[Date "1994.??.??"]
[Round "5"]
[White "Nijboer, Friso"]
[Black "Krays, Alexander"]
[Result "0-1"]
[WhiteElo "2510"]
[BlackElo "2385"]

1.e4 e6 2.d4 d5 3.Nc3 Bb4 4.e5 Qd7 5.Ne2 b6 6.Nf4 Ba6 7.Qg4 Bf8 8.Bxa6 Nxa6
9.Qe2 Nb8 10.O-O Ne7 11.Nd1 Nf5 12.c3 Nc6 13.g4 Nfe7 14.Nh5 Ng8 15.f4 g6
16.Ng3 h5 17.f5 hxg4 18.fxg6 fxg6 19.Qxg4 Nce7 20.Bg5 Nf5 21.Rf2 Qh7 22.c4 dxc4
23.Qe4 Rc8 24.Ne3 Bh6 25.Qb7 Rd8 26.Nexf5 gxf5 27.Bxd8 Be3 28.Kf1 Kxd8 29.d5 Bxf2
30.dxe6 Bd4 31.Qb8+ Ke7 32.Qxc7+ Kxe6 33.Qd6+ Kf7 34.e6+ Kg6 35.e7+ Nf6 36.Qxd4 Qh3+
37.Ke1 Qxh2 38.Rc1 Qxg3+  0-1

[Event "Groningen op"]
[Site "Groningen"]
[Date "1994.??.??"]
[Round "9"]
[White "Schmittdiel, Eckhard"]
[Black "Krays, Alexander"]
[Result "1/2-1/2"]
[WhiteElo "2495"]
[BlackElo "2385"]

1.e4 e6 2.Nc3 d5 3.d4 Bb4 4.e5 Qd7 5.Ne2 b6 6.Nf4 Ba6 7.Bxa6 Nxa6 8.Qg4 g6
9.Qe2 Nb8 10.O-O Bxc3 11.bxc3 Nc6 12.Nd3 h6 13.a4 Na5 14.Ba3 Nc4 15.Nb2 Qc6
16.Nxc4 Qxc4 17.Qxc4 dxc4 18.a5 Ne7 19.Bxe7 Kxe7 20.f4 h5 21.Kf2 b5 22.a6 Rad8
23.Ke3 Rd5 24.g3 Rhd8 25.Rab1 Kd7 26.h3 c5 27.g4 hxg4 28.hxg4 Kc6 29.f5 gxf5
30.gxf5 cxd4+ 31.cxd4 Rxd4 32.fxe6 fxe6 33.Rf6 R4d5 34.Rxe6+ Kd7 35.Rh6 Rxe5+
36.Kd4 Rg5 37.Kc3 Kc7 38.Rf1 Rgd5  1/2-1/2

[Event "FIN-SWE m"]
[Site "Haernoesand"]
[Date "1994.??.??"]
[Round "?"]
[White "Hall, Jesper"]
[Black "Kekki, Petri"]
[Result "1-0"]
[WhiteElo "2430"]
[BlackElo "2275"]

1.e4 e6 2.d4 d5 3.Nc3 Bb4 4.e5 Ne7 5.a3 Bxc3+ 6.bxc3 c5 7.Nf3 Bd7 8.a4 Qa5
9.Bd2 O-O 10.Be2 c4 11.O-O Bxa4 12.Ng5 Qb5 13.f4 Qe8 14.Rf3 h6 15.Nh3 Bd7
16.g4 Nbc6 17.f5 exf5 18.g5 hxg5 19.Bxg5 Ng6 20.Nf4 Nxf4 21.Bxf4 Qe6 22.Rg3 Ne7
23.Qd2 Ng6 24.Kf2 Rfc8 25.Rag1 Kf8 26.Bf3 Ke7 27.h4 Nxf4 28.Qxf4 Qh6 29.Qxh6 gxh6
30.Bxd5 Rab8 31.Bxf7 Kxf7 32.Rg7+ Ke8 33.d5 Kd8 34.e6 Be8 35.d6 Rc6 36.Rd1 Rxd6
37.Rxd6+ Kc8 38.Rd5 b5 39.Rxf5 Rb6 40.Re5 a5 41.Ra7 b4 42.Ra8+ Kb7 43.Rxe8 b3
44.cxb3 cxb3 45.e7  1-0

[Event "Harkany op"]
[Site "Harkany"]
[Date "1994.??.??"]
[Round "4"]
[White "Zemerov, Vladimir"]
[Black "Bukal, Vladimir Jr"]
[Result "0-1"]
[WhiteElo "2430"]
[BlackElo "2325"]

1.e4 e6 2.d4 d5 3.Nc3 Bb4 4.e5 Ne7 5.Bd2 c5 6.Nb5 Bxd2+ 7.Qxd2 O-O 8.dxc5 Nd7
9.f4 Nxc5 10.Bd3 Qb6 11.O-O-O Bd7 12.Nd4 Rfc8 13.Nge2 a5 14.Kb1 Nc6 15.c3 a4
16.Qc2 Nxd3 17.Qxd3 Na5 18.Ka1 Nc4 19.Rb1 Qc5 20.Rhf1 b5 21.Nc2 Na5 22.Rbe1 b4
23.Nxb4 Bb5 24.Qd4 Qxd4 25.cxd4 Rab8  0-1

[Event "Harkany op"]
[Site "Harkany"]
[Date "1994.??.??"]
[Round "6"]
[White "Csapo, Zoltan"]
[Black "Portisch, Ferenc"]
[Result "0-1"]
[WhiteElo "2300"]
[BlackElo "2375"]

1.e4 e6 2.d4 d5 3.Nc3 Bb4 4.e5 Ne7 5.Bd2 b6 6.a3 Bxc3 7.Bxc3 Ba6 8.Bxa6 Nxa6
9.Nh3 c5 10.b4 Qd7 11.O-O Rc8 12.dxc5 bxc5 13.bxc5 Rxc5 14.Bb4 Nxb4 15.axb4 Rc4
16.Qd2 O-O 17.Ra2 Nc6 18.Rfa1 Rxb4 19.f4 Rfb8 20.Ng5 Qb7 21.Kf2 Qb6+ 22.Kg3 h6
23.Nf3 Qc5 24.Ne1 Rc4 25.Nd3 Qd4 26.h3 Rc8 27.Rb1 a5 28.Rd1 Nb4 29.Nxb4 Qxd2
30.Rxd2 axb4 31.Rb2 Rc3+ 32.Kf2 R8c4 33.g3 Kh7 34.Kg2 Kg6 35.Rf2 h5 36.Ra2 Re4
37.g4 Rcc4 38.Kg3 h4+ 39.Kxh4 Rxf4 40.Rxf4 Rxf4 41.Kg3 Re4  0-1

[Event "FIN-ch"]
[Site "Helsinki"]
[Date "1994.??.??"]
[Round "?"]
[White "Pulkkinen, Kari"]
[Black "Raaste, Eero J"]
[Result "1/2-1/2"]
[WhiteElo "2360"]
[BlackElo "2350"]

1.e4 e6 2.d4 d5 3.Nc3 Bb4 4.e5 Ne7 5.a3 Bxc3+ 6.bxc3 c5 7.h4 Qa5 8.Bd2 cxd4
9.cxd4 Qa4 10.Nf3 b6 11.h5 h6 12.Bb4 Ba6 13.c3 Qxd1+ 14.Kxd1 Bxf1 15.Rxf1 Nbc6
16.Kd2 Kd7 17.Kd3 Nc8 18.a4  1/2-1/2

[Event "FIN-ch"]
[Site "Helsinki"]
[Date "1994.??.??"]
[Round "?"]
[White "Sammalvuo, Tapani"]
[Black "Kekki, Petri"]
[Result "1-0"]
[WhiteElo "2280"]
[BlackElo "2275"]

1.e4 e6 2.d4 d5 3.Nc3 Bb4 4.e5 Ne7 5.a3 Bxc3+ 6.bxc3 c5 7.Nf3 Bd7 8.a4 Qa5
9.Bd2 c4 10.Qb1 Na6 11.h4 Bxa4 12.Ra2 b5 13.h5 h6 14.Rh4 Nb8 15.Rg4 Rg8 16.Nh4 Nd7
17.Qd1 Qc7 18.Qf3 f5 19.Rf4 Nf8 20.Bc1 O-O-O 21.Qh3 Qa5 22.Bd2 Kb8 23.g4 g5
24.hxg6 Nfxg6 25.Nxg6 Nxg6 26.Rf3 Ne7 27.Qxh6 fxg4 28.Rf7 Nc8 29.Qxe6 Qb6
30.Qxb6+ Nxb6 31.Bf4 Rdf8 32.e6+ Ka8 33.Bd6 Re8 34.e7 Kb7 35.Kd2 Kc6 36.Bb4 Nc8
37.Bg2 Rg5 38.Ra1 a5 39.Bc5 Kd7 40.Rh1 Nd6 41.Rf6 Ne4+ 42.Bxe4 dxe4 43.Ra6 g3
44.fxg3 Rxg3 45.Rhh6 e3+ 46.Ke1 b4 47.Rhd6+ Kc7 48.Ra7+ Kc8 49.Rd8+  1-0

[Event "Helsinki-ch"]
[Site "Helsinki"]
[Date "1994.??.??"]
[Round "?"]
[White "Sammalvuo, Tapani"]
[Black "Kekki, Petri"]
[Result "1-0"]
[WhiteElo "2280"]
[BlackElo "2275"]

1.e4 e6 2.d4 d5 3.Nc3 Bb4 4.e5 Qd7 5.Bd2 b6 6.Bb5 Nc6 7.Nce2 Bxd2+ 8.Qxd2 Nge7
9.Nf3 a6 10.Bd3 a5 11.c3 Ba6 12.Bc2 Nd8 13.O-O c5 14.Rfe1 Ndc6 15.Rac1 h5
16.Qe3 Bxe2 17.Rxe2 c4 18.a4 g6 19.Qf4 Nf5 20.h3 Qe7 21.g3 Rg8 22.Ng5 Rh8
23.Kg2 O-O-O 24.Rb1 Kb7 25.g4 Nh6 26.f3 Rdf8 27.Qe3 Nd8 28.b3 cxb3 29.Rxb3 Qc7
30.Bd3 f6 31.exf6 hxg4 32.fxg4 Nxg4 33.Qg3 Qxg3+ 34.Kxg3 Nh6 35.Nxe6 Rxf6
36.Nc5+ Kc6 37.Rxb6+ Kxb6 38.Nd7+ Kc6 39.Nxf6 Nf5+ 40.Bxf5 gxf5 41.Re5 f4+
42.Kh2 Rf8 43.Rxd5 Rxf6 44.Rxd8 f3 45.Kg1 f2+ 46.Kf1 Rf3 47.h4 Kb7 48.c4 Rh3
49.Kxf2 Rxh4 50.Rd5 Ka6 51.c5 Rh3 52.c6 Kb6 53.Rc5 Rh8 54.Rc4 Kc7 55.Ke3 Rh3+
56.Kd2 Rh2+ 57.Kc3 Rh3+ 58.Kb2 Rh5 59.Kb3 Rd5 60.Kc3 Rd8 61.Rc5 Ra8 62.d5 Kd6
63.Kc4 Rh8 64.Rxa5 Rh4+ 65.Kb5 Kxd5 66.Ra7 Rh1 67.Rd7+ Ke6 68.Rd4  1-0

[Event "FIN-ch"]
[Site "Helsinki"]
[Date "1994.??.??"]
[Round "?"]
[White "Pyhala, Antti"]
[Black "Kekki, Petri"]
[Result "1/2-1/2"]
[WhiteElo "2350"]
[BlackElo "2275"]

1.e4 e6 2.d4 d5 3.Nc3 Bb4 4.e5 Ne7 5.a3 Bxc3+ 6.bxc3 c5 7.h4 Qa5 8.Bd2 cxd4
9.cxd4 Qa4 10.h5 h6 11.Rh4 b6 12.Rf4 Ba6 13.Qf3 Bxf1 14.Kxf1 Nbc6 15.Ne2 Qxc2
16.Be3 Nd8 17.Rc1 Qd3 18.Kg1 Rc8 19.Rxc8 Nxc8 20.Rg4 Rh7 21.Nf4 Qxa3 22.Qd1 Ne7
23.Qc2 Nf5 24.Nxd5 Rh8 25.Bc1 Qa5 26.Ne3 Nxe3 27.fxe3 b5 28.Bd2 Qb6 29.Bb4 a5
30.Bc5 Qc6 31.Rxg7 b4 32.Qf2 b3 33.e4 Qxe4 34.Qf6 Kd7 35.Rxf7+ Nxf7 36.Qxf7+ Kc8
37.Qxe6+ Kc7 38.Qb6+ Kc8 39.Qxb3 Rd8 40.Qc3 Kd7 41.Qxa5 Qe3+ 42.Kf1 Qf4+
43.Ke2 Qe4+ 44.Kf2 Qf4+ 45.Ke2 Qe4+ 46.Kf2 Qf4+ 47.Ke2  1/2-1/2

[Event "HUN-chT2 9394"]
[Site "?"]
[Date "1994.??.??"]
[Round "?"]
[White "Papp, Zsolt"]
[Black "Papp, Laszlo"]
[Result "1-0"]
[WhiteElo "2130"]
[BlackElo "2220"]

1.e4 e6 2.d4 d5 3.Nc3 Bb4 4.e5 Ne7 5.a3 Bxc3+ 6.bxc3 c5 7.Qg4 O-O 8.Nf3 Qc7
9.Bd3 Nf5 10.O-O Nc6 11.Qh3 f6 12.exf6 Rxf6 13.Bg5 Rf8 14.Rfe1 h6 15.Be3 Qa5
16.Bd2 Qa4 17.Bxf5 Rxf5 18.Qg3 Rf6 19.Re2 Ne7 20.Bf4 Nf5 21.Qg4 e5 22.dxe5 Nd4
23.Qxg7+ Kxg7 24.exf6+ Kxf6 25.cxd4 Bg4 26.Be5+ Kf5 27.Re3 Qxc2 28.h3 Bxf3
29.Rxf3+ Ke6 30.Rf6+ Kd7 31.Rd6+ Ke7 32.Bg3 Qc3 33.Rb1 b6 34.dxc5 Rd8 35.Bh4+ Kf7
36.Bxd8 Qxc5 37.Rxh6 d4 38.Re1 d3 39.Re7+ Kg8 40.Rg6+ Kf8 41.Rf6+ Kg8 42.Rd7 Qxa3
43.Rg6+  1-0